|
|
|
|
| LEADER |
00000nam a22000007a 4500 |
| 005 |
20190329215622.0 |
| 007 |
cr|||| |||| |
| 008 |
190329s2018 es |||||s|||| 00||0 spa d |
| 020 |
|
|
|a 978-84-7351-654-9
|
| 035 |
|
|
|a 23122
|
| 040 |
|
|
|a vLex
|
| 090 |
|
|
|c 8530
|d 8530
|
| 100 |
1 |
|
|a Abellǹ Lp̤ez, Mara̕ ℓngeles
|
| 245 |
1 |
0 |
|a Rendicin̤ de cuentas y control externo en Espaą
|h [Recurso electrn̤ico] /
|c Mara̕ ℓngeles Abellǹ Lp̤ez
|
| 256 |
|
|
|a Servicio en ln̕ea
|
| 260 |
|
|
|a Madrid:
|b Instituto Nacional de Administracin̤ Pb︢lica (INAP),
|c 2018
|
| 300 |
|
|
|a 1 recurso electrn̤ico
|
| 500 |
|
|
|a Una aproximacin̤ a las instituciones fiscalizadoras desde el contexto de la modernizacin̤ polt̕ico administrativa. La rendicin̤ de cuentas constituye un requisito fundamental para el fortalecimiento de la legitimidad de la democracia representativa. Tradicionalmente, el control es el taln̤ de Aquiles del sistema polt̕ico administrativo pues siempre hay insuficiencia de controles y falta cultura de la rendicin̤ de cuentas. A pesar del enorme interš que despierta el control del gasto pb︢lico, las instituciones de control externo son grandes desconocidas para una gran parte de la ciudadana̕. Este trabajo aborda el sistema dual de control externo espaǫl configurado por el Tribunal de Cuentas (TCU) y los r̤ganos de control externo autonm̤icos (OCEX), que son los encargados por mandato legal de fiscalizar los caudales pb︢licos. La vertebracin̤ del sistema de control externo espaǫl, como gestin̤ compartida de la fiscalizacin̤, ha de concebirse como una necesidad democrt̀ica de primer orden. El libro propone una reflexin̤ sobre la rendicin̤ de cuentas y, a la vez, un recorrido sobre las experiencias de la modernizacin̤ polt̕ica administrativa espaǫla que confluyen en el caso seleccionado como es la Sindicatura de Comptes de la Comunitat Valenciana. Un mejor conocimiento del sistema de control externo espaǫl y de su modernizacin̤ aporta elementos para el debate y la reflexin̤ y, adems̀, contribuye a la sostenibilidad del Estado de bienestar.
|
| 506 |
1 |
|
|a Disponible solo en los productos indicados
|d vLex Global
|d vLex Global (Academic Edition, excluding Law Schools)
|d vLex Global (U.S. Academic Edition, Law Schools)
|d vLex Global (U.S. Academic Edition, excluding Law Schools)
|d vLex Global (Academic Edition, Law Schools)
|
| 650 |
0 |
4 |
|a Derecho Pb︢lico y Administrativo
|z Espaą
|
| 740 |
0 |
|
|a vLex Libros (Servicio en ln̕ea)
|
| 856 |
4 |
0 |
|u http://vlex.com/source/rendicion-de-cuentas-y-control-externo-en-espa-a-una-aproximacion-a-las-instituciones-fiscalizadoras-desde-el-contexto-de-la-modernizacion-politico-administrativa-23122
|z Acceso restringido
|
| 942 |
|
|
|c BOOK
|
| 999 |
0 |
|
|a Public and Administrative Law
|